Countries of the Umayyad Caliphate - Statistics

General Stats
  • This quiz has been taken 229 times
  • The average score is 34 of 39
Answer Stats
Umayyad country % Correct
Iraq
96%
Algeria
95%
Iran
95%
Oman
95%
Pakistan
95%
Saudi Arabia
95%
Tunisia
95%
Turkey
95%
Yemen
95%
Spain
94%
Syria
94%
Egypt
93%
Israel
93%
Morocco
93%
Qatar
92%
Afghanistan
90%
Armenia
90%
Kuwait
90%
Libya
90%
Bahrain
89%
Portugal
89%
Turkmenistan
89%
United Arab Emirates
89%
Uzbekistan
89%
Azerbaijan
88%
Georgia
88%
France
86%
Jordan
86%
Russia
86%
Lebanon
85%
Tajikistan
85%
Cyprus
84%
Kazakhstan
84%
Kyrgyzstan
82%
Palestine
77%
Andorra
67%
United Kingdom
63%
Mauritania
58%
Western Sahara
25%
No matching quizzes found
Score Distribution
Percent of People with Each Score
Percentile by Number Answered
Your Score History
You have not taken this quiz